Cine y vanguardias artísticas: conflictos, encuentros, fronteras
Đã lưu trong:
| Tác giả chính: | |
|---|---|
| Định dạng: | Sách |
| Ngôn ngữ: | Tiếng Tây Ban Nha |
| Được phát hành: |
Barcelona
Paidós
2004
|
| Loạt: | Paidós Sesión Continua, 16
|
| Những chủ đề: | |
| Các nhãn: |
Thêm thẻ
Không có thẻ, Là người đầu tiên thẻ bản ghi này!
|
MARC
| LEADER | 00000nam a2200000 a 4500 | ||
|---|---|---|---|
| 001 | UCJ1879 | ||
| 003 | CL-VaPUC | ||
| 008 | 061117e20040000SP |||||||||||||||||spa|d | ||
| 020 | |a 844931528X | ||
| 082 | 0 | 4 | |a 791.4309 |b SAN |2 21 |
| 100 | 0 | |a Sánchez-Biosca, Vicente |e author |9 502646 | |
| 245 | 1 | 0 | |a Cine y vanguardias artísticas: conflictos, encuentros, fronteras |
| 300 | |a 272 p | ||
| 942 | |c BK | ||
| 945 | |d 20061117 00:00:00 |a jtorresc | ||
| 260 | |a Barcelona |b Paidós |c 2004 | ||
| 650 | 0 | |a Vanguardias en el cine |9 449637 | |
| 650 | 0 | |a Actores de cine |9 356708 | |
| 650 | 7 | |a REALIZADORES CINEMATOGRAFICOS |2 CL-VaPUC |9 355120 | |
| 583 | |a last modification |c 20061117 00:00:00 |k Rodrigo Vera | ||
| 490 | 0 | |a Paidós Sesión Continua, 16 | |
| 999 | |c 318311 |d 318309 | ||
| 952 | |0 0 |1 0 |4 0 |6 791_430900000000000_SAN_2004 |7 0 |8 A |9 396040 |a BIBART |b BIBART |d 2019-11-22 |i 4288009 |o 791.4309 SAN 2004 |p 4288009 |r 2025-03-13 |w 2019-11-22 |y BK |k ART | ||